000 00389nam a2200157Ia 4500
008 230524s9999 xx 000 0 und d
082 _a621.3821
_bSHI
100 _aAnokh Singh
245 0 _aApplied Electronics Circuit Design Principles
250 _a3RD
260 _aNEW DELHI
_bKhanna
_c2004
300 _a811
500 _aQuantity Number: 2
650 _aElectronics
942 _cBK
999 _c4219
_d4219